000 00902nam a2200277 i 4500
003 DO-SdBNP
005 20240821141955.0
007 ta
008 240821s2024 dr 000 0 spa d
020 _a9789945654424
040 _aDO-SdBNP
_bspa
_cBNPHU
_erda
082 _bG216b
_222
100 _aGarcía Bidó, Rafael,
_d1953-
_953387
_eautor
245 1 0 _aBohío :
_bindagaciones en nuestra herencia taina /
_cRafael García Bidó
250 _a2a. edición aumentada y corregida
264 1 _aSanto Domingo :
_bSantuario,
_c2024.
300 _a189 páginas,
_c24 cm.
336 _2rdacontent
_atexto
_btxt
337 _2rdamedia
_asin mediación
_bn
338 _2rdacarrier
_avolumen
_bnc
500 _aIncluye datos biográficos del autor en la solapa de la portada.
504 _aBibliografía p: 183-189.
590 _aInventariado, 2024/ YL
910 _aYLockward
942 _2ddc
_cLBS1
999 _c57518
_d57518